[Event "FRA-chT U20 0203"]
[Site "Clichy"]
[Date "2003.01.05"]
[Round "7.7"]
[White "Genin, Alexandre"]
[Black "Cabanes, Kim"]
[Result "0-1"]
[WhiteElo "1410"]
[BlackElo "1580"]
[PlyCount "102"]
[EventDate "2002.12.??"]
[EventType "team"]
[EventRounds "11"]
[EventCountry "FRA"]
[SourceTitle "EXT 2004"]
[Source "ChessBase"]
[SourceDate "2003.11.25"]
[SourceVersion "1"]
[SourceVersionDate "2003.11.25"]
[SourceQuality "1"]
[WhiteTeam "Bois Colombes"]
[BlackTeam "Pau"]
[WhiteTeamCountry "FRA"]
[BlackTeamCountry "FRA"]

1. e4 c6 2. Nc3 d5 3. exd5 cxd5 4. d4 Nf6 5. Nf3 h6 6. Bd3 a6 7. Bf4 Nc6 8. 0-0 Bg4 9. Be2 e6 10. Ne5 Bxe2 11. Qxe2 Nxd4 12. Qd3 Nc6 13. Nxc6 bxc6 14. Qd4 Bd6 15. b4 Bxf4 16. Qxf4 0-0 17. Rfe1 Qb8 18. Qd4 Qa7 19. Qh4 Qb6 20. Re3 a5 21. Rb1 d4 22. Rg3 Kh7 23. Ne4 Nxe4 24. Qxe4+ Kh8 25. a3 axb4 26. Rxb4 Qc5 27. Qxd4 Qxd4 28. Rxd4 Ra6 29. Rd6 Rfa8 30. Kf1 Kg8 31. Ke2 Kf8 32. c4 c5 33. Rxa6 Rxa6 34. Kd2 g6 35. Kc2 Ke7 36. Kb3 Kd7 37. a4 h5 38. Rf3 f5 39. Rg3 e5 40. h4 Rb6+ 41. Ka3 Ra6 42. Rg5 e4 43. g3 Ke7 44. Kb3 Kf6 45. Ka3 Ke5 46. Kb3 Kd4 47. Ka3 Kxc4 48. Kb2 Kb4 49. Kc2 Kxa4 50. Kc3 Kb5 51. Kd2 c4 0-1

[Event "FRA-chT U20 0203"]
[Site "Clichy"]
[Date "2003.01.04"]
[Round "6.10"]
[White "Genin, Alexandre"]
[Black "Sarfati, Johan"]
[Result "0-1"]
[WhiteElo "1410"]
[BlackElo "1300"]
[PlyCount "110"]
[EventDate "2002.12.??"]
[EventType "team"]
[EventRounds "11"]
[EventCountry "FRA"]
[SourceTitle "EXT 2004"]
[Source "ChessBase"]
[SourceDate "2003.11.25"]
[SourceVersion "1"]
[SourceVersionDate "2003.11.25"]
[SourceQuality "1"]
[WhiteTeam "Bois Colombes"]
[BlackTeam "Montpellier"]
[WhiteTeamCountry "FRA"]
[BlackTeamCountry "FRA"]

1. e4 e5 2. Nf3 Nc6 3. Nc3 Nf6 4. Bb5 d6 5. d3 a6 6. Bc4 Be6 7. Bg5 Bxc4 8. dxc4 Be7 9. Bxf6 Bxf6 10. Nd5 0-0 11. 0-0 Bg5 12. Nxg5 Qxg5 13. Nxc7 Rac8 14. Nd5 h5 15. f4 Qg6 16. b4 Rfe8 17. f5 Qg5 18. Rf3 f6 19. Rg3 Qh6 20. Rg6 Qh7 21. h4 Kf7 22. g4 hxg4 23. Qxg4 Ne7 24. Nxe7 Rxe7 25. Kh1 Rxc4 26. Rg1 Kg8 27. h5 Rxc2 28. h6 Rcc7 29. Qg3 Kf8 30. Qd3 Rcd7 31. Qc4 Rc7 32. Qb3 Rc6 33. b5 axb5 34. Qxb5 Rec7 35. Qe2 Rc2 36. Qd3 R2c6 37. Qa3 Rc8 38. Rxg7 Qxh6+ 39. Kg2 Qxg7+ 40. Kf1 Rc1+ 41. Ke2 R8c2+ 42. Kd3 Rc3+ 43. Qxc3 Rxc3+ 44. Kxc3 Qxg1 45. a4 Ke7 46. Kc4 Qc5+ 47. Kb3 Qd4 48. a5 Kd7 49. a6 bxa6 50. Ka3 Qc4 51. Kb2 a5 52. Ka3 Qb4+ 53. Ka2 a4 54. Ka1 a3 55. Ka2 Qb2# 0-1